Doctor Who (Facile 2) - Statistiques

Statistiques générales
  • Ce quiz a été pris 624 fois
  • Le résultat moyen est 7 sur 15
Statistiques - réponses
Questions Réponses % Correct
De quelle nationalité Amy se revendique-t-elle ? Ecossaise
89%
Que dit toujours River Song lorsque le docteur devient trop curieux ? C'est pas l'heure.
83%
Quel acteur a joué Caecilius, un néogiciant romain en marbre ? Peter Capaldi
59%
Comment s'appelle la mère de Rose Tyler ? Jackie
57%
Règle N°1 du Doctor. Le docteur ment
53%
Quel ancien compagnon du docteur réaparaît dans la "Nouvelle Série" ? Sarah Jane Smith
50%
Dans le 1er épisode de la "Nouvelle Série", quel est le premier mot que le 9ème docteur dit à Rose en la voyant ? Cours !
46%
Où se trouve la tombe du docteur ? Trenzalore
42%
Dans quelle ville anglaise est basé Torchwood ? Cardiff
41%
Comment Amy surnomme-t-elle le docteur ? Le docteur débraillé ou l'homme depenaillé
37%
Quel objet River Song utilise-t-elle souvent pour s'échapper ? Un rouge à lèvre hallucinogène
37%
Combien dure une nuit sur la planète Dallirium ? 24 ans
36%
Qu'est-ce que le 10ème docteur a toujours rêvé de dire et qu'il a pu réaliser grâce à un officier du Titanic ? Allons-y, Alonso !
36%
Quel est le lien de parenté entre Graham et Ryan ? Grand-père et petit-fils
26%
Qui sont mercenaires et force de police ? Les Judoons
14%
Aucun quiz correspondant
Distribution des résultats
% des personnes avec chaque résultat
Percentile par nombre de réponses
Votre historique - résultats
Vous n’avez pas pris ce quiz